000 01532nam a2200457 c 4500
999 _c51489
_d51489
001 51489
003 ES-MaCES
005 20210218135143.0
008 200728s2019 sp ||||| | 000 | spa d
017 _aB 17684-2019
_bDL
020 _a9788417636050
040 _aES-MaCES
_bspa
_cES-MaCES
041 1 _aspa
_heng
100 1 _99812
_aCollier, Paul
245 1 3 _aEl futuro del capitalismo
_b: como afrontar las nuevas ansiedades
_cPaul Collier ; trad. de Ramón González Férriz y Marta Valdivieso Rodríguez
250 _a1ª ed
260 _aBarcelona
_bDebate
_c2019
300 _a336 p.
_c23 cm
490 1 _aDebate economía
500 _aTraducción de: The future of Capitalism, facing the new anxieties
500 _aÍndices
504 _aBibliografía: p. 305-313
541 _cCompra
650 4 _acapitalismo
_927116
650 4 _aglobalización económica
_930653
650 4 _asistema económico
_927123
650 4 _adesigualdad económica
_929371
650 4 _adesigualdad social
_930789
650 4 _adesarrollo político
_929225
650 4 _adesarrollo económico y social
_929234
650 4 _afuturo
_928901
650 4 _ateoría económica
_927076
650 4 _ateoría política
_927233
653 1 0 _aEconomía
700 1 _938952
_aGonzález Férriz, Ramón
_etr.
700 1 _aValdivieso Rodríguez, Marta
_etr.
_939700
740 4 2 _aThe future of Capitalism, facing the new anxieties
830 0 _aDebate economía
_937107
902 _aLIB Libro
942 _2CES
_cBK
_h0.0.